000 00886nam0a22002651 4500
001 rc\399883
005 20250621072418.0
010 _a5-02-007166-8
_94250
035 _a(NLR Aleph) 005648778
090 _a6748494
_c6748494
100 _a20030616d1989 |||y0rusy50 ca
101 0 _arus
102 _aRU
105 _ay |||||||||
200 1 _aИнформатика и теория развития
_fОтв. ред. Н.Н. Моисеев
_gАН СССР, Ин-т прогр. систем
210 _aМ.
_cНаука
_d1989
215 _a172, [2] с.
_d22
320 _aБиблиогр.: с. 170-173 (113 назв.)
700 1 _aАйламазян
_bА.К.
_gАльфред Карлович
701 1 _aСтась
_bЕ.В.
_gЕлена Валентиновна
801 0 _aRU
_bNLR
_gpsbo
801 1 _aRU
_bELAR
_2rusmarc
852 _aNLR
_j89-5/6477
942 _cBOOK
980 _aNB